LEADER 03209 am 2200625 n 450 001 9910496022503321 005 20200130 010 $a979-1-03-510372-9 024 7 $a10.4000/books.psorbonne.45306 035 $a(CKB)5590000000007581 035 $a(FrMaCLE)OB-psorbonne-45306 035 $a(oapen)https://directory.doabooks.org/handle/20.500.12854/85922 035 $a(PPN)267969775 035 $a(EXLCZ)995590000000007581 100 $a20201125j|||||||| ||| 0 101 0 $afre 135 $auu||||||m|||| 181 $ctxt$2rdacontent 182 $cc$2rdamedia 183 $acr$2rdacarrier 200 10$aGenèse de l?État mandataire $eService des renseignements et bandes armées en Syrie et au Liban dans les années 1920 /$fJean-David Mizrahi 210 $aParis $cÉditions de la Sorbonne$d2020 215 $a1 online resource (462 p.) 225 1 $aInternationale 311 $a2-85944-396-7 330 $a« Zone tribale du Nord-Yémen », « zone tribale de l?Ouest pakistanais », voilà bien des expressions qui reviennent dans l?actualité pour désigner des régions de confins farouchement réfractaires à l?imposition d?un nouvel ordre politique. Dès la fin du XIXe et au début du XXe siècle, les États européens, emportés dans leur mouvement d?expansion outre-mer, vinrent buter, en périphérie, sur ce type d?espace en quelque sorte interstitiel des relations internationales contemporaines. Dans ces zones où les agents traditionnels de la vie diplomatique pénétraient peu, ou mal, une expertise particulière, celle du renseignement et des agences de sécurité, parut s?imposer. Lorsque la France coloniale s?implante en Syrie et au Liban, au lendemain de la Première Guerre mondiale, elle doit précisément faire face à ce type de résistance, où se combinent turbulences tribales, désordres sociaux et effervescence identitaire. La lutte qui s?engage alors entre bandes armées locales d?une part, et Service des Renseignements de l?armée française de l?autre, dépasse, et de loin, le face-à-face purement martial, mais renvoie à un choc des violences, sociale et guerrière d?un côté, étatique et militaire de l?autre, dont il n?est pas sûr que la leçon ne vaille qu?au passé. 606 $aHistory 606 $azone tribale 606 $arelation internationale 606 $adiplomatie 606 $acolonialisme 606 $aÉtat mandataire 606 $aservice de renseignement 606 $aordre politique 610 $azone tribale 610 $arelation internationale 610 $adiplomatie 610 $acolonialisme 610 $aÉtat mandataire 610 $aservice de renseignement 610 $aordre politique 615 4$aHistory 615 4$azone tribale 615 4$arelation internationale 615 4$adiplomatie 615 4$acolonialisme 615 4$aÉtat mandataire 615 4$aservice de renseignement 615 4$aordre politique 700 $aMizrahi$b Jean-David$0501738 801 0$bFR-FrMaCLE 906 $aBOOK 912 $a9910496022503321 996 $aGenese de l'Etat mandataire$9727377 997 $aUNINA LEADER 03165oam 2200697 c 450 001 9910563194303321 005 20240922213714.0 024 7 $a10.3726/b13773 035 $a(CKB)5450000000174027 035 $a(oapen)https://directory.doabooks.org/handle/20.500.12854/35121 035 $a(PH02)9783631752166 035 $a(MiAaPQ)EBC31203677 035 $a(oapen)doab35121 035 $a(EXLCZ)995450000000174027 100 $a20240525h20181994 uy 0 101 0 $ager 135 $aurnnunnnannuu 181 $ctxt$2rdacontent 182 $cc$2rdamedia 183 $acr$2rdacarrier 200 00$aEinkommensteuerliche Behandlung von Transferzahlungen$eZur Neuordnung der Familienbesteuerung sowie der Besteuerung von Versicherungsleistungen und Sozialtransfers$fKurt Schmidt, Harald Schlee 205 $a1st, New ed. 210 $aFrankfurt a.M$cPH02$d2018 210 $d2018, c1994 215 $a1 online resource (256 p.)$c, EPDF 225 0 $aFinanzwissenschaftliche Schriften$v56 300 $aPeter Lang GmbH, Internationaler Verlag der Wissenschaften 311 08$a3-631-75216-4 327 $aAus dem Inhalt: Einkommensteuersystematische Grundlagen - Allgemeine Besteuerungsgrundsa?tze - Direkte staatliche Transfers - Versicherungstransfers (Alter, Krankheit) - Ehegatten- und Familienbesteuerung - Erbschaften und Schenkungen. 330 $aDer Autor entwickelt ein in sich konsistentes System der Einkommensbesteuerung von Transferzahlungen, das vor allem an der Forderung nach Gleichma?ßigkeit der Besteuerung orientiert ist. Zuna?chst werden allgemeine Grundsa?tze zur Steuerpflicht empfangener und geleisteter Transfers erarbeitet. Anschließend erfolgt eine intensive Auseinandersetzung mit Fragen der Besteuerung ausgewa?hlter direkter staatlicher Transfers, der Alterssicherung und der Sicherung im Krankheitsfall sowie mit dem Gesamtkomplex der Familienbesteuerung. Das erarbeitete Reformkonzept beinhaltet zum Teil auch parallele Reformvorschla?ge fu?r das Steuerrecht einerseits, das Sozial(versicherungs)recht und Zivilrecht andererseits. 606 $aPolitical economy$2bicssc 606 $aWelfare economics$2bicssc 606 $aInsurance & actuarial studies$2bicssc 606 $aCommercial law$2bicssc 606 $aEmployment & labour law$2bicssc 610 $aBehandlung 610 $aBesteuerung 610 $aEINKOMMENSSTEUERL 610 $aEinkommensteuerliche 610 $aFamilienbesteuerung 610 $aNeuordnung 610 $aSchlee 610 $asowie 610 $aSozialtransfers 610 $aTRANSFER 610 $aTransferzahlungen 610 $aVersicherungsleistungen 615 7$aPolitical economy 615 7$aWelfare economics 615 7$aInsurance & actuarial studies 615 7$aCommercial law 615 7$aEmployment & labour law 700 $aSchlee$b Harald$4auth$01327573 702 $aSchmidt$b Kurt$4edt 702 $aSchlee$b Harald$4aut 801 0$bPH02 801 1$bPH02 906 $aBOOK 912 $a9910563194303321 996 $aEinkommensteuerliche Behandlung von Transferzahlungen$93038031 997 $aUNINA